000 01426nam2a22002891 4500
001 rc\3215161
005 20250609191813.0
021 _aRU
_b[77-18635]
035 _a(NLR Aleph) 007465121
090 _a7357507
_c7357507
100 _a20130115d1976 |||y0rusy50 ca
101 0 _arus
102 _aRU
105 _aa z |||||
200 0 _aВып. 2
210 _d1976
_aБ. м.
215 _a85 с.
_cил.
300 _aИзд.выходит с 1973 г.
461 0 _1001rc\3215159
_12001#$aЭлектровакуумные приборы$eКонспект лекций курса "Электровакуумные и полупроводниковые приборы"$fЛенингр. электротехн. ин-т им. В.И. Ульянова (Ленина)$vВып. 2
_97357499
_cЛенинград
_d1973
_fЛенингр. электротехн. ин-т им. В.И. Ульянова (Ленина)
_nЛЭТИ
_oКонспект лекций курса "Электровакуумные и полупроводниковые приборы"
_tЭлектровакуумные приборы
_vВып. 2
700 1 _aГрунин
_bВ.К.
_gВиктор Константинович
701 1 _aГрунин
_bВ.К.
_gВиктор Константинович
701 1 _aМезенов
_bА.В.
801 0 _aRU
_bNLR
_gpsbo
801 1 _aRU
_bELAR
_2rusmarc
852 _aNLR
_j73-4/22685
942 _cBOOK
980 _aNB